| 000 | 00646nam a2200241 4500 | ||
|---|---|---|---|
| 001 | 46028 | ||
| 010 | _a9722326414 | ||
| 021 | _b220737/04 | ||
| 090 | _a46028 | ||
| 100 | _a20040608d2005 m y0pory5003 ba | ||
| 101 | 1 | _apor | |
| 102 | _aPT | ||
| 200 | 1 |
_aA Papisa Joana _fDona Woolfolk Cross _gtrad. Teresa Martinho Toldy |
|
| 205 | _a4.ª ed. | ||
| 210 | 9 |
_aBarcarena _cPresença, _d2005 |
|
| 215 |
_a458 p. _d23 cm |
||
| 225 | 2 |
_aGrandes narrativas _v112 |
|
| 304 | _aTít. orig.: Pope Joan | ||
| 675 |
_a821.111(73)-311.6"19/20" _vBN _zpor |
||
| 700 | 1 |
_aCross, _bDonna Woolfolk |
|
| 702 | 1 |
_aToldy, _bTeresa _4730 |
|
| 801 | 0 |
_aPT _bBN _gRPC |
|
| 990 | _cLIVROS | ||